航空会社の尾翼ロゴクイズ - Statistics

General Stats
  • This quiz has been taken 1,034 times
  • The average score is 24 of 39
Answer Stats
Picture Answer % Correct
日本航空
97%
ピーチアビエーション
95%
全日本空輸
92%
ジェットスター
91%
AIR DO/エア ドゥ
87%
ソラシドエア
82%
スカイマーク
81%
大韓航空
80%
スターフライヤー
70%
アメリカン航空
67%
アシアナ航空
66%
エアカナダ
66%
チャイナエアライン/中華航空
65%
エミレーツ航空
63%
中国国際航空/エア チャイナ
62%
タイ国際航空
62%
ハワイアン航空
61%
ベトナム航空
60%
ジップエア
59%
フィリピン航空
59%
ユナイテッド航空
59%
エバー航空
58%
デルタ航空
58%
KLMオランダ航空
58%
春秋航空/スプリング
56%
シンガポール航空
56%
エールフランス航空
56%
フィンエアー/フィンランド航空
54%
ターキッシュエアラインズ/トルコ航空
53%
ルフトハンザドイツ航空
53%
キャセイパシフィック航空
51%
カタール航空
51%
ブリティッシュエアウェイズ
51%
カンタス航空
51%
{海上保安庁}(行政機関)
51%
ニュージーランド航空
46%
スカンジナビア航空
44%
イベリア航空
33%
アエロメヒコ航空
29%
No matching quizzes found
Score Distribution
Percent of People with Each Score
Percentile by Number Answered
Your Score History
You have not taken this quiz